Daily Inspirations From His Holiness The Dalai Lama (Record no. 351542)
[ view plain ]
| 000 -LEADER | |
|---|---|
| fixed length control field | 00487nam a2200169Ia 4500 |
| 008 - FIXED-LENGTH DATA ELEMENTS--GENERAL INFORMATION | |
| fixed length control field | 230718s9999 xx 000 0 und d |
| 020 ## - INTERNATIONAL STANDARD BOOK NUMBER | |
| International Standard Book Number | 978067093595 |
| 041 ## - LANGUAGE CODE | |
| Language code of text/sound track or separate title | eng |
| 082 ## - DEWEY DECIMAL CLASSIFICATION NUMBER | |
| Classification number | 158.1 |
| Item number | SIN |
| 100 ## - MAIN ENTRY--PERSONAL NAME | |
| Personal name | Singh R.(Editor) |
| 9 (RLIN) | 195985 |
| 245 ## - TITLE STATEMENT | |
| Title | Daily Inspirations From His Holiness The Dalai Lama |
| 260 ## - PUBLICATION, DISTRIBUTION, ETC. (IMPRINT) | |
| Date of publication, distribution, etc. | 1998 |
| Name of publisher, distributor, etc. | Penguin Viking |
| 300 ## - PHYSICAL DESCRIPTION | |
| Extent | 415 |
| 365 ## - TRADE PRICE | |
| Currency code | Rs. |
| Price amount | 399.00 |
| 700 ## - ADDED ENTRY--PERSONAL NAME | |
| Personal name | Singh R.(Editor) |
| 9 (RLIN) | 195985 |
| 906 ## - LOCAL DATA ELEMENT F, LDF (RLIN) | |
| d | O:0712403-Mar-2020B:566103-Feb-2020 |
| c | GENRL |
| b | 99.75 |
| Withdrawn status | Lost status | Source of classification or shelving scheme | Damaged status | Not for loan | Home library | Current library | Date acquired | Vendor | Budget Code | Cost, normal purchase price | Bill number | Total Checkouts | Full call number | Barcode | Date last seen | Date last checked out | Discount | Cost, replacement price | Bill Date | Koha item type | Original Barcode |
|---|---|---|---|---|---|---|---|---|---|---|---|---|---|---|---|---|---|---|---|---|---|
| Dewey Decimal Classification | Cummins College of Engineering for Women Pune | Cummins College of Engineering for Women Pune | 03/03/2020 | Technical Book Services | GENRL | 299.25 | 5661 | 4 | 158.1 | CCEP-BK-62753 | 17/02/2025 | 03/02/2025 | 99.75 | 399.00 | 03/02/2020 | Books | 062753 |